|
|
|
|
| LEADER |
00000nam0a2200000 4500 |
| 001 |
24186 |
| 005 |
20231030200109.0 |
| 035 |
|
|
|a (RuTPU)RU\TPU\book\24413
|
| 035 |
|
|
|a BOOK00000197
|
| 090 |
|
|
|a 24186
|
| 100 |
|
|
|a 20011209d2000 k y0rusy50 ca
|
| 101 |
0 |
|
|a rus
|
| 102 |
|
|
|a RU
|
| 105 |
|
|
|a y z 100zy
|
| 200 |
1 |
|
|a Радиотехнические и информационные системы и устройства
|h Ч. 1
|e Тезисы докл. региональной научно-техн. конф. студентов и молодых специалистов, 17 мая 2000 года, Томск
|e В 2-х ч.
|f Томский государственный университет систем управления и радиоэлектроники (ТУСУР)
|
| 210 |
|
|
|a Томск
|d 2000
|
| 215 |
|
|
|a 179 с.
|
| 610 |
1 |
|
|a радиосистемы
|
| 610 |
1 |
|
|a радиотехника
|
| 610 |
1 |
|
|a электроника
|
| 610 |
1 |
|
|a акустооптоэлектроника
|
| 610 |
1 |
|
|a телекоммуникации
|
| 610 |
1 |
|
|a информационные системы
|
| 610 |
1 |
|
|a информатика
|
| 610 |
1 |
|
|a конференции
|
| 610 |
1 |
|
|a Томск
|
| 675 |
|
|
|a 621.37/.39(063)
|v 3
|
| 675 |
|
|
|a 681.518(063)
|v 3
|
| 712 |
1 |
2 |
|a Региональная научно-техническая конференция студентов и молодых специалистов
|e Томск
|f 2000
|
| 712 |
0 |
2 |
|a Томский государственный университет систем управления и радиоэлектроники (ТУСУР)
|c (1997 - )
|2 stltpush
|3 (RuTPU)RU\TPU\col\422
|
| 801 |
|
0 |
|a RU
|b 63413507
|c 20011209
|g PSBO
|
| 801 |
|
2 |
|a RU
|b 63413507
|c 20091202
|g PSBO
|
| 942 |
|
|
|c BK
|